000 00734cab a2200181 4500
001 WB2802-15
008 090401t1991 xxu||||| |||| 00| 0 eng d
035 _a(Sirsi) u815
041 _aeng
245 _aNo indemnity costs for landlord
260 _c1991
350 _a0
490 _aTimes
_v31 December 1991, 28(1)
520 _a"Copall v Fryxell", QBD 13 December 1991. Consideration shown by a landlord during removal of a tenant for the benefit of neighbouring tenants and without financial interest was not sufficient reason to order indemnity costs to the landlord, following the example of the judgment in "Billson v Residential Apartments".
690 _aLANDLORD AND TENANT-CASE LAW
942 _n0
948 _c04/03/1997
999 _c447
_d447